Annual Review of Biophysics and Biophysical Chemistry ++ continues Annual Review of Biophysics and Bioengineering and continued by Annual Review of Biophysics and Biomolecular Structure

Dades bibliogràfiques
Format: Electrònic Revista
Idioma:English
Publicat: Cambridge University Press
Accés en línia:Full text available on Research4Life (HINARI,AGORA,OARE,ARDI & GOALI)
LEADER 00938cas a2200181 a 4500
001 AALejournalResearch4Life000001003339
008 240902c9999 xx r poo 0 0eng d
022 |a 1936-122x 
022 |a 1936-1238 
040 |a BD-DhAAL  |c BD-DhAAL 
245 0 0 |h [electronic resource]  |a Annual Review of Biophysics and Biophysical Chemistry ++ continues Annual Review of Biophysics and Bioengineering and continued by Annual Review of Biophysics and Biomolecular Structure 
260 |b Cambridge University Press 
300 |a 1 online resource 
362 0 |a v. 14 (1985) - v. 20 (1991) 
500 |a <strong>On-Campus Access Only (IP based access)</strong> 
506 |a Electronic access restricted to authorized BRAC University faculty, staff and students 
538 |a Mode of access: Internet 
856 4 0 |z Full text available on Research4Life (HINARI,AGORA,OARE,ARDI & GOALI)  |u https://login.research4life.org/tacsgr0www_annualreviews_org/loi/biophys